000 00457nam a2200181Ia 4500
001 11367
005 20260306162823.0
008 260306t2022||||xx |||||||||||||| ||spa||
041 _aESP
082 _a985.04
_bB141C
100 _aPaz Soldán, Mariano Felipe,
_eAUT
245 0 _aHistoria del Perú independiente :
_b(selección)
260 _c2022
300 _a477 páginas :
_c20 cm.
650 _aGEN
654 _aCHU
942 _cLIB
_dJUS
_fJUS
_2ddc
_n
999 _c11367
_d11367